Radiation dosimetry (Record no. 2629)

MARC details
000 -LEADER
fixed length control field 01014nam a2200229Ia 4500
003 - CONTROL NUMBER IDENTIFIER
control field IN-BaIIA
008 - FIXED-LENGTH DATA ELEMENTS--GENERAL INFORMATION
fixed length control field 211028s9999 xx 000 0 eng d
040 ## - CATALOGING SOURCE
Transcribing agency IIA Library
080 ## - UNIVERSAL DECIMAL CLASSIFICATION NUMBER
Universal Decimal Classification number 063:53
Item number ENF-30
100 ## - MAIN ENTRY--PERSONAL NAME
Personal name Spiers, F.W.
9 (RLIN) 4669
111 ## - MAIN ENTRY--MEETING NAME
Meeting name or jurisdiction name as entry element International School of Physics 'Enrico Fermi" Course
Location of meeting Varenna Sul Lago di Como, Villa Monastero
Date of meeting or treaty signing 1963 Aug. 5th - 17th
9 (RLIN) 4670
245 #0 - TITLE STATEMENT
Title Radiation dosimetry
Remainder of title proceedings of the international school of physics "Enrico Fermi" course held in Varenna Sul Lago di Como, Villa Monastero 5th - 17th August, 1963
Statement of responsibility, etc. F.W. Spiers and G.W. Reed
260 ## - PUBLICATION, DISTRIBUTION, ETC.
Place of publication, distribution, etc. New York
Name of publisher, distributor, etc. Academic Press
Date of publication, distribution, etc. 1964
300 ## - PHYSICAL DESCRIPTION
Extent viii, 308p.
490 ## - SERIES STATEMENT
Series statement Proceedings of the International School of Physics Enrico Fermi Course; v. 30
650 ## - SUBJECT ADDED ENTRY--TOPICAL TERM
Topical term or geographic name entry element Astronomy and Astrophysics Thesaurus
650 ## - SUBJECT ADDED ENTRY--TOPICAL TERM
Topical term or geographic name entry element Dosimeters
9 (RLIN) 4671
650 ## - SUBJECT ADDED ENTRY--TOPICAL TERM
Topical term or geographic name entry element Radiation Effects
9 (RLIN) 4672
650 ## - SUBJECT ADDED ENTRY--TOPICAL TERM
Topical term or geographic name entry element Radiation Measurement
9 (RLIN) 1863
700 ## - ADDED ENTRY--PERSONAL NAME
Personal name Reed, G.W.
9 (RLIN) 4673
942 ## - ADDED ENTRY ELEMENTS (KOHA)
Koha item type Books
Holdings
Withdrawn status Lost status Source of classification or shelving scheme Damaged status Not for loan Home library Current library Shelving location Date acquired Cost, normal purchase price Total Checkouts Full call number Barcode Date last seen Cost, replacement price Price effective from Koha item type Purchase Price
    Dewey Decimal Classification     IIA Library-Bangalore IIA Library-Bangalore General Stacks 30/03/1966 63.00   063:53/ ENF-30 2934 05/11/2021 63.00 30/03/1966 Books Rs. 63.00

Powered by Koha